000 00626nam a2200229 i 4500
003 DO-SdBNP
005 20240702111059.0
007 ta
008 240702b1988 dr c|||| |||| 00| 0 spa d
040 _aDO-SdBNP
_bspa
_cBNPHU
_erda
082 4 _222
_bU542
245 0 0 _aUna isla como Dios manda
264 _aBarahona, República Dominicana :
_bDiocesis de Barahona,
_c1988.
300 _a30 páginas ;
_c23 cm.
336 _2rdacontent
_atexto
_btxt
337 _2rdamedia
_asin mediación
_bn
338 _2rdacarrier
_avolumen
_bnc
590 _aInventariado, 2024/DG
700 _985926
910 _aDG
942 _2ddc
_cLF2
999 _c57114
_d57114